000 00334nam a2200145Ia 4500
008 151213s9999 xx 000 0 und d
100 _aZahirul Huq
245 _aLaw & Practice
_cZahirul Huq
260 _aDhaka
_bChalantika
_c2003
300 _a2088 p.
650 _aLaw
650 _aLaw
700 _aZahirul Huq
999 _c1538
_d1538